[Event "Donskoj 07"]
[Site "Donskoj"]
[Date "2018.07.24"]
[Round "9"]
[White "Trubizin, Ivan"]
[Black "Sosulin, Eduard"]
[Result "0-1"]
[WhiteElo "2111"]
[BlackElo "2373"]
[PlyCount "68"]
[EventDate "2018.07.20"]
[EventType "tourn"]
[EventRounds "9"]
[EventCountry "RUS"]
[EventCategory "2"]
[SourceTitle "CBM 186 Extra"]
[Source "ChessBase"]
[SourceDate "2018.08.24"]
[SourceVersion "1"]
[SourceVersionDate "2018.08.24"]
[SourceQuality "1"]

1. e4 c5 2. Nf3 d6 3. d4 cxd4 4. Nxd4 Nf6 5. Nc3 Nc6 6. Bc4 e6 7. Be3 a6 8. Qe2 Qc7 9. 0-0-0 Be7 10. Bb3 Na5 11. g4 b5 12. g5 Nxb3+ 13. axb3 Nd7 14. Nf5 exf5 15. Nd5 Qd8 16. exf5 Bb7 17. Rhe1 Bxd5 18. Rxd5 0-0 19. f6 Nxf6 20. gxf6 Bxf6 21. Bf4 Bxb2+ 22. Kxb2 Qf6+ 23. Be5 dxe5 24. Rxe5 Rad8 25. Qe3 Rd5 26. f4 g6 27. Qg3 Rd2 28. Kc1 Rfd8 29. Re8+ Kg7 30. Rxd8 Rxd8 31. Kb1 Rd4 32. Rf1 a5 33. f5 a4 34. Qf2 a3 0-1

[Event "Donskoj 07"]
[Site "Donskoj"]
[Date "2018.07.22"]
[Round "4"]
[White "Moiseev, Viktor"]
[Black "Sosulin, Eduard"]
[Result "1/2-1/2"]
[WhiteElo "2408"]
[BlackElo "2373"]
[PlyCount "121"]
[EventDate "2018.07.20"]
[EventType "tourn"]
[EventRounds "9"]
[EventCountry "RUS"]
[EventCategory "2"]
[SourceTitle "CBM 186 Extra"]
[Source "ChessBase"]
[SourceDate "2018.08.24"]
[SourceVersion "1"]
[SourceVersionDate "2018.08.24"]
[SourceQuality "1"]

1. e4 d6 2. d4 Nf6 3. Nc3 g6 4. Nf3 Bg7 5. Be2 0-0 6. 0-0 Bg4 7. h3 Bxf3 8. Bxf3 Nc6 9. Be3 e5 10. d5 Nd4 11. Bxd4 exd4 12. Qxd4 Re8 13. Qd2 Nd7 14. g3 Nb6 15. Qd3 Nd7 16. Rae1 Nc5 17. Qd2 Qd7 18. Bg2 Na4 19. Nd1 a5 20. c3 b5 21. f4 b4 22. c4 Nc5 23. Kh2 Qa4 24. b3 Qd7 25. Re3 a4 26. Rfe1 axb3 27. axb3 Reb8 28. e5 dxe5 29. fxe5 Bh6 30. Qd4 Bxe3 31. Rxe3 Ne6 32. Qh4 Ng7 33. g4 Ra2 34. Nf2 f5 35. exf6 Qd6+ 36. Kg1 Qf4 37. Re4 Ra1+ 38. Bf1 Qc1 39. f7+ Kh8 40. Nd1 Qxd1 41. Rf4 Rf8 42. Qe7 Raa8 43. Qxb4 g5 44. Rf2 Qd4 45. Qe7 Qb6 46. b4 Qd6 47. Qxd6 cxd6 48. Rf6 Ra7 49. Rxd6 Raxf7 50. Bg2 Rf4 51. Rc6 Rd4 52. b5 Rd1+ 53. Kh2 Rd2 54. Kg1 Rd1+ 55. Kh2 Rd2 56. Kg1 Re8 57. b6 Re1+ 58. Bf1 Ne8 59. Rc8 Rdd1 60. b7 Rxf1+ 61. Kg2 1/2-1/2

[Event "Donskoj 07"]
[Site "Donskoj"]
[Date "2018.07.22"]
[Round "5"]
[White "Sosulin, Eduard"]
[Black "Baimagambetova, Aliya"]
[Result "1-0"]
[WhiteElo "2373"]
[BlackElo "2223"]
[PlyCount "79"]
[EventDate "2018.07.20"]
[EventType "tourn"]
[EventRounds "9"]
[EventCountry "RUS"]
[EventCategory "2"]
[SourceTitle "CBM 186 Extra"]
[Source "ChessBase"]
[SourceDate "2018.08.24"]
[SourceVersion "1"]
[SourceVersionDate "2018.08.24"]
[SourceQuality "1"]

1. c4 c5 2. g3 Nc6 3. Bg2 g6 4. Nf3 Bg7 5. 0-0 e6 6. Nc3 Nge7 7. d3 0-0 8. a3 d5 9. Rb1 b6 10. Bd2 dxc4 11. dxc4 Na5 12. b3 Bb7 13. Qc2 Nf5 14. e3 Qe7 15. Rfd1 Rfd8 16. Ne2 Nc6 17. Bc3 e5 18. Ba1 Rxd1+ 19. Rxd1 Rd8 20. Nc3 Rxd1+ 21. Qxd1 Na5 22. Nd2 Bxg2 23. Kxg2 Nd6 24. Nd5 Qe6 25. Qc2 f5 26. Qc3 Nc6 27. b4 cxb4 28. axb4 Ne7 29. Nxe7+ Qxe7 30. c5 bxc5 31. bxc5 Qb7+ 32. c6 Qc7 33. Qc5 Nf7 34. Nc4 Bf8 35. Qd5 Bg7 36. Bc3 Bf6 37. Qe6 Kg7 38. Ba5 Qe7 39. Qxe7 Bxe7 40. c7 1-0

[Event "Donskoj 07"]
[Site "Donskoj"]
[Date "2018.07.21"]
[Round "2"]
[White "Karpov, Alexander"]
[Black "Sosulin, Eduard"]
[Result "1/2-1/2"]
[WhiteElo "2238"]
[BlackElo "2373"]
[PlyCount "91"]
[EventDate "2018.07.20"]
[EventType "tourn"]
[EventRounds "9"]
[EventCountry "RUS"]
[EventCategory "2"]
[SourceTitle "CBM 186 Extra"]
[Source "ChessBase"]
[SourceDate "2018.08.24"]
[SourceVersion "1"]
[SourceVersionDate "2018.08.24"]
[SourceQuality "1"]

1. d4 Nf6 2. c4 g6 3. Nc3 Bg7 4. e4 0-0 5. Be3 d6 6. f3 b6 7. Bd3 a6 8. Nge2 c5 9. e5 dxe5 10. dxe5 Nfd7 11. Be4 Ra7 12. f4 Bb7 13. 0-0 Bxe4 14. Nxe4 Nc6 15. Qe1 Nb4 16. Qd2 Nb8 17. a3 Rd7 18. Qc1 N4c6 19. Qc2 Qc7 20. N2c3 Nd4 21. Qf2 Nbc6 22. Nd5 Qa7 23. b4 f6 24. e6 Rb7 25. bxc5 bxc5 26. Rab1 Rfb8 27. Rxb7 Rxb7 28. f5 gxf5 29. Ng3 Qb8 30. Nxf5 Rb2 31. Nfxe7+ Nxe7 32. Nxf6+ Bxf6 33. Qxf6 Rb1 34. Bxd4 cxd4 35. Qxe7 Rxf1+ 36. Kxf1 Qf4+ 37. Ke2 Qe3+ 38. Kf1 Qf4+ 39. Ke2 Qe3+ 40. Kd1 Qd3+ 41. Kc1 Qc3+ 42. Kb1 Qd3+ 43. Kb2 Qc3+ 44. Ka2 Qxc4+ 45. Kb2 Qc3+ 46. Kb1 1/2-1/2

[Event "Tula"]
[Site "Tula"]
[Date "2018.04.14"]
[Round "11"]
[White "Postypalskiy, Mihail"]
[Black "Sosulin, Eduard"]
[Result "1/2-1/2"]
[WhiteElo "2354"]
[BlackElo "2376"]
[PlyCount "94"]
[EventDate "2018.04.09"]
[EventType "tourn"]
[EventRounds "13"]
[EventCountry "RUS"]
[EventCategory "2"]
[SourceTitle "CBM 184 Extra"]
[Source "ChessBase"]
[SourceDate "2018.06.28"]
[SourceVersion "1"]
[SourceVersionDate "2018.06.28"]
[SourceQuality "1"]

1. d4 Nf6 2. c4 g6 3. Nc3 Bg7 4. e4 0-0 5. Nf3 d6 6. Be2 e5 7. 0-0 Nc6 8. d5 Ne7 9. Ne1 Ne8 10. Nd3 f5 11. Bd2 f4 12. Bg4 Nf6 13. Bxc8 Qxc8 14. c5 g5 15. Rc1 g4 16. f3 gxf3 17. gxf3 Nh5 18. cxd6 cxd6 19. Nb5 Qh3 20. Nf2 Qh4 21. Ng4 Ng3 22. hxg3 fxg3 23. Kg2 Ng6 24. Rh1 Qe7 25. Kxg3 Nf4 26. Bxf4 exf4+ 27. Kg2 Rac8 28. Rxc8 Rxc8 29. Nxa7 Ra8 30. Nb5 Rxa2 31. Kf1 Rxb2 32. Rg1 Kh8 33. Qd3 Qd7 34. Nd4 Qa4 35. Ne2 Rb3 36. Qd2 Rxf3+ 37. Kg2 Qxe4 38. Nf2 Rg3+ 39. Kf1 Qb1+ 40. Qc1 Qxc1+ 41. Nxc1 Rxg1+ 42. Kxg1 Bd4 43. Ncd3 Kg7 44. Nxf4 Kf6 45. Kf1 Ke5 46. N2d3+ Ke4 47. Ke2 b5 1/2-1/2

[Event "Tula"]
[Site "Tula"]
[Date "2018.04.12"]
[Round "7"]
[White "Gusev, Aleksey"]
[Black "Sosulin, Eduard"]
[Result "1/2-1/2"]
[WhiteElo "2368"]
[BlackElo "2376"]
[PlyCount "38"]
[EventDate "2018.04.09"]
[EventType "tourn"]
[EventRounds "13"]
[EventCountry "RUS"]
[EventCategory "2"]
[SourceTitle "CBM 184 Extra"]
[Source "ChessBase"]
[SourceDate "2018.06.28"]
[SourceVersion "1"]
[SourceVersionDate "2018.06.28"]
[SourceQuality "1"]

1. e4 e5 2. Nf3 Nc6 3. Bb5 Nf6 4. 0-0 Nxe4 5. d4 Nd6 6. Bxc6 dxc6 7. dxe5 Nf5 8. Qxd8+ Kxd8 9. Nc3 Ke8 10. h3 h5 11. Bf4 Be7 12. Rad1 Be6 13. Ng5 Rd8 14. Rxd8+ Bxd8 15. Rd1 Be7 16. Nxe6 fxe6 17. Ne4 Rf8 18. a3 Nh4 19. Bg3 Ng6 1/2-1/2

[Event "Donskoj"]
[Site "Donskoj"]
[Date "2018.03.12"]
[Round "6"]
[White "Sosulin, Eduard"]
[Black "Postypalskiy, Mihail"]
[Result "1/2-1/2"]
[WhiteElo "2389"]
[BlackElo "2363"]
[PlyCount "66"]
[EventDate "2018.03.09"]
[EventType "tourn"]
[EventRounds "13"]
[EventCountry "RUS"]
[EventCategory "1"]
[SourceTitle "CBM 183 Extra"]
[Source "ChessBase"]
[SourceDate "2018.04.19"]
[SourceVersion "1"]
[SourceVersionDate "2018.04.19"]
[SourceQuality "1"]

1. e4 c5 2. c3 g6 3. d4 cxd4 4. cxd4 d5 5. e5 Nc6 6. Nc3 Bg7 7. h3 h5 8. Nf3 Bf5 9. Bb5 Rc8 10. 0-0 a6 11. Bxc6+ Rxc6 12. Qb3 e6 13. Qxb7 Rb6 14. Qa7 Ne7 15. Na4 Rb5 16. Bg5 Bf8 17. Rfc1 Bd3 18. Nc5 Nc6 19. Qxa6 Rxc5 20. Qxd3 Rxc1+ 21. Rxc1 Qb6 22. Qc3 Kd7 23. a3 Bg7 24. Qc5 Qxc5 25. Rxc5 Rb8 26. b4 Bf8 27. Rc3 Na7 28. Kf1 Nb5 29. Rb3 Rc8 30. a4 Nc3 31. a5 Nb5 32. Ke2 Rc4 33. Bd2 Rxd4 1/2-1/2

[Event "Efremov Pechenov Memorial"]
[Site "Efremov"]
[Date "2017.04.27"]
[Round "9"]
[White "Aghasiyev, Kamal"]
[Black "Sosulin, Eduard"]
[Result "1/2-1/2"]
[WhiteElo "2411"]
[BlackElo "2402"]
[PlyCount "68"]
[EventDate "2017.04.22"]
[EventType "tourn"]
[EventRounds "13"]
[EventCountry "RUS"]
[EventCategory "2"]
[SourceTitle "CBM 178 Extra"]
[Source "ChessBase"]
[SourceDate "2017.06.22"]
[SourceVersion "1"]
[SourceVersionDate "2017.06.22"]
[SourceQuality "1"]

1. d4 d5 2. c4 c6 3. cxd5 cxd5 4. Nc3 Nf6 5. Nf3 Nc6 6. Bf4 Bf5 7. e3 e6 8. Bd3 Bxd3 9. Qxd3 Bd6 10. Bxd6 Qxd6 11. 0-0 a6 12. a3 0-0 13. Rac1 Rac8 14. Rc2 Rc7 15. Rfc1 Rfc8 16. Ne2 Ne7 17. Rxc7 Rxc7 18. Rxc7 Qxc7 19. Qc3 Qxc3 20. Nxc3 Nc6 21. Kf1 Kf8 22. Ke2 Ke7 23. Kd3 Kd6 24. b4 b5 25. Ng5 Ke7 26. Nf3 Kd6 27. Nd2 Nd7 28. Nb3 Nb6 29. Kc2 Nc4 30. Nc5 Nxa3+ 31. Kb3 Nc4 32. Nxa6 Na7 33. Kc2 Kc6 34. Nc5 Kb6 1/2-1/2

[Event "Efremov Pechenov Memorial"]
[Site "Efremov"]
[Date "2017.04.25"]
[Round "6"]
[White "Sosulin, Eduard"]
[Black "Huseynsoy, Huseyn"]
[Result "1-0"]
[WhiteElo "2402"]
[BlackElo "2163"]
[PlyCount "87"]
[EventDate "2017.04.22"]
[EventType "tourn"]
[EventRounds "13"]
[EventCountry "RUS"]
[EventCategory "2"]
[SourceTitle "CBM 178 Extra"]
[Source "ChessBase"]
[SourceDate "2017.06.22"]
[SourceVersion "1"]
[SourceVersionDate "2017.06.22"]
[SourceQuality "1"]

1. d4 Nf6 2. c4 e6 3. Nf3 b6 4. g3 Bb7 5. Bg2 Be7 6. 0-0 0-0 7. Nc3 Ne4 8. Qc2 Nxc3 9. Qxc3 c5 10. Rd1 cxd4 11. Qxd4 d6 12. Be3 Nc6 13. Qd2 Qc7 14. Rac1 Rac8 15. Bg5 Rfd8 16. h4 d5 17. Bxe7 Qxe7 18. cxd5 Rxd5 19. Qf4 Rxd1+ 20. Rxd1 Rd8 21. Rxd8+ Qxd8 22. Ng5 Qe7 23. Bxc6 Bxc6 24. Qb8+ Be8 25. Ne4 Kf8 26. Nd6 Qd7 27. e4 Ke7 28. e5 Kf8 29. b3 Qc6 30. Kh2 Qd7 31. a4 h6 32. g4 Qe7 33. Kg3 Qd7 34. f3 Qc6 35. b4 Qd7 36. b5 Qe7 37. Nc8 Qc5 38. Qd6+ Qxd6 39. exd6 Bd7 40. Nxa7 Ke8 41. a5 Bxb5 42. axb6 Ba6 43. Nc6 Kd7 44. Nb8+ 1-0

[Event "Rilsk"]
[Site "Rilsk"]
[Date "2017.01.24"]
[Round "9"]
[White "Qashashvili, Alexandre"]
[Black "Sosulin, Eduard"]
[Result "1-0"]
[WhiteElo "2495"]
[BlackElo "2422"]
[PlyCount "39"]
[EventDate "2017.01.20"]
[EventType "tourn"]
[EventRounds "13"]
[EventCountry "RUS"]
[EventCategory "7"]
[SourceTitle "EXT 2018"]
[Source "ChessBase"]
[SourceDate "2017.10.13"]
[SourceVersion "1"]
[SourceVersionDate "2017.10.13"]
[SourceQuality "1"]

1. e4 d6 2. d4 g6 3. Nc3 Bg7 4. Be3 Nf6 5. f3 0-0 6. Qd2 e5 7. 0-0-0 exd4 8. Bxd4 Nc6 9. Be3 Re8 10. g4 Be6 11. h4 a6 12. h5 b5 13. Bg5 Ne5 14. Kb1 c5 15. hxg6 fxg6 16. Qh2 b4 17. Nd5 Rf8 18. f4 Nexg4 19. Nxf6+ Bxf6 20. Qxh7# 1-0

[Event "Rilsk"]
[Site "Rilsk"]
[Date "2017.01.20"]
[Round "1"]
[White "Gavritenkov, Sergei"]
[Black "Sosulin, Eduard"]
[Result "1/2-1/2"]
[WhiteElo "2429"]
[BlackElo "2422"]
[PlyCount "81"]
[EventDate "2017.01.20"]
[EventType "tourn"]
[EventRounds "13"]
[EventCountry "RUS"]
[EventCategory "7"]
[SourceTitle "EXT 2018"]
[Source "ChessBase"]
[SourceDate "2017.10.13"]
[SourceVersion "1"]
[SourceVersionDate "2017.10.13"]
[SourceQuality "1"]

1. d4 d5 2. c4 e5 3. dxe5 d4 4. Nf3 Nc6 5. g3 Be6 6. Nbd2 Qd7 7. Bg2 0-0-0 8. 0-0 Bh3 9. a3 Bxg2 10. Kxg2 h5 11. Ne4 h4 12. Neg5 hxg3 13. hxg3 Re8 14. Qd3 Nxe5 15. Qxd4 f6 16. Qxd7+ Nxd7 17. Nh3 g5 18. Nd4 Nh6 19. e3 Ng4 20. b3 Nge5 21. Bd2 g4 22. Ng1 Re7 23. Nge2 Reh7 24. Rh1 Rxh1 25. Rxh1 Rxh1 26. Kxh1 Bxa3 27. Bc3 Bd6 28. Kg2 Kd8 29. Ne6+ Ke7 30. N2f4 c6 31. Nd4 Kf7 32. Nde6 Be7 33. Kf1 Nf3 34. Ke2 Ng1+ 35. Kd1 Nh3 36. Ke2 Ng1+ 37. Kf1 Nf3 38. Ke2 Ng1+ 39. Kd1 Nh3 40. Ke2 Ng1+ 41. Kd1 1/2-1/2

[Event "Pervomaisky Autumn"]
[Site "Pervomaisky"]
[Date "2016.10.09"]
[Round "13"]
[White "Sosulin, Eduard"]
[Black "Abrosimov, Vladimir"]
[Result "1/2-1/2"]
[WhiteElo "2416"]
[BlackElo "2322"]
[PlyCount "114"]
[EventDate "2016.09.30"]
[EventType "tourn"]
[EventRounds "13"]
[EventCountry "RUS"]
[EventCategory "3"]
[SourceTitle "EXT 2017"]
[Source "ChessBase"]
[SourceDate "2016.10.25"]
[SourceVersion "1"]
[SourceVersionDate "2016.10.25"]
[SourceQuality "1"]

1. d4 Nf6 2. c4 g6 3. Nc3 Bg7 4. e4 d6 5. Nf3 0-0 6. Be2 e5 7. 0-0 Nc6 8. d5 Ne7 9. Ne1 Nd7 10. Nd3 f5 11. Bd2 Nf6 12. f3 f4 13. c5 g5 14. Rc1 Ng6 15. cxd6 cxd6 16. Nb5 Rf7 17. Qc2 Ne8 18. a4 h5 19. Nf2 Bf8 20. h3 Rg7 21. Qb3 Nh4 22. Rc2 a6 23. Na3 Nf6 24. Rfc1 g4 25. fxg4 hxg4 26. hxg4 Bxg4 27. Bxg4 Nxg4 28. Nxg4 Rxg4 29. Be1 Qg5 30. Qh3 Re8 31. Nc4 Be7 32. Bxh4 Qxh4 33. Qxh4 Rxh4 34. Na5 Rg4 35. Kf1 Kf7 36. Rc8 b6 37. Rxe8 Kxe8 38. Nc6 a5 39. Rc3 Bd8 40. Nb8 Bh4 41. Rh3 Ke7 42. Nc6+ Kd7 43. Rh2 Kc8 44. Na7+ Kd8 45. Nb5 Be7 46. Rh8+ Kd7 47. Rb8 Rg3 48. Rxb6 Re3 49. Ra6 Rxe4 50. Rxa5 Bh4 51. Ra7+ Kd8 52. g3 fxg3 53. Nxd6 Re1+ 54. Kg2 Re2+ 55. Kg1 Re1+ 56. Kg2 Re2+ 57. Kg1 Re1+ 1/2-1/2

[Event "Pervomaisky Autumn"]
[Site "Pervomaisky"]
[Date "2016.10.07"]
[Round "11"]
[White "Sosulin, Eduard"]
[Black "Gusev, Aleksey"]
[Result "1/2-1/2"]
[WhiteElo "2416"]
[BlackElo "2423"]
[PlyCount "61"]
[EventDate "2016.09.30"]
[EventType "tourn"]
[EventRounds "13"]
[EventCountry "RUS"]
[EventCategory "3"]
[SourceTitle "EXT 2017"]
[Source "ChessBase"]
[SourceDate "2016.10.25"]
[SourceVersion "1"]
[SourceVersionDate "2016.10.25"]
[SourceQuality "1"]

1. d4 d5 2. Bg5 f6 3. Bh4 Nh6 4. e3 Nf5 5. Bg3 h5 6. Be2 h4 7. Bh5+ Kd7 8. Bg4 e6 9. Bf4 g5 10. e4 dxe4 11. Bc1 c6 12. f3 exf3 13. Nxf3 Kc7 14. Nc3 b6 15. Qe2 Kb7 16. Bd2 Nxd4 17. Nxd4 Qxd4 18. Bxe6 Bxe6 19. Qxe6 Qd7 20. Qe2 Qf7 21. 0-0-0 Nd7 22. Rhe1 Rg8 23. Kb1 Rd8 24. Ne4 Nc5 25. Bc3 Rxd1+ 26. Qxd1 Nxe4 27. Rxe4 Kc7 28. Qe2 Bd6 29. Re6 Rg6 30. a3 g4 31. Re8 1/2-1/2

[Event "Pervomaisky Autumn"]
[Site "Pervomaisky"]
[Date "2016.10.05"]
[Round "9"]
[White "Ponomarenko, Viktor"]
[Black "Sosulin, Eduard"]
[Result "1/2-1/2"]
[WhiteElo "2247"]
[BlackElo "2416"]
[PlyCount "71"]
[EventDate "2016.09.30"]
[EventType "tourn"]
[EventRounds "13"]
[EventCountry "RUS"]
[EventCategory "3"]
[SourceTitle "EXT 2017"]
[Source "ChessBase"]
[SourceDate "2016.10.25"]
[SourceVersion "1"]
[SourceVersionDate "2016.10.25"]
[SourceQuality "1"]

1. d4 d5 2. c4 c6 3. cxd5 cxd5 4. Bf4 Bf5 5. e3 e6 6. Bd3 Bxd3 7. Qxd3 Bd6 8. Bxd6 Qxd6 9. Nc3 Nc6 10. Nf3 Nf6 11. 0-0 0-0 12. a3 a6 13. Rac1 Rac8 14. Rc2 Rc7 15. Rfc1 Rfc8 16. Ne2 Ne7 17. Rxc7 Rxc7 18. Rxc7 Qxc7 19. Qc3 Qxc3 20. Nxc3 Nc6 21. Kf1 Kf8 22. Ke2 Ke7 23. Kd3 Kd6 24. h3 h6 25. Nd2 Nd7 26. Ne2 Ne7 27. b4 b5 28. Nb3 Nb6 29. Nc5 Nc4 30. Nxa6 Nxa3 31. g4 g5 32. Nc5 Nc4 33. Nc3 Kc6 34. Kc2 Ng6 35. Kd3 Nh4 36. Ke2 1/2-1/2

[Event "Pervomaisky Autumn"]
[Site "Pervomaisky"]
[Date "2016.10.03"]
[Round "5"]
[White "Zaitsev, Alexander"]
[Black "Sosulin, Eduard"]
[Result "1/2-1/2"]
[WhiteElo "2504"]
[BlackElo "2416"]
[PlyCount "116"]
[EventDate "2016.09.30"]
[EventType "tourn"]
[EventRounds "13"]
[EventCountry "RUS"]
[EventCategory "3"]
[SourceTitle "EXT 2017"]
[Source "ChessBase"]
[SourceDate "2016.10.25"]
[SourceVersion "1"]
[SourceVersionDate "2016.10.25"]
[SourceQuality "1"]

1. e4 e5 2. f4 Bc5 3. Nf3 d6 4. c3 Nf6 5. d4 exd4 6. cxd4 Bb6 7. Nc3 0-0 8. Bd3 Nc6 9. Be3 Bg4 10. Bc2 Re8 11. 0-0 Bxf3 12. gxf3 Na5 13. Qd3 c5 14. dxc5 Bxc5 15. Bxc5 dxc5 16. Rad1 Qxd3 17. Bxd3 Red8 18. Kf2 g6 19. Rg1 Nh5 20. Ke3 Nc6 21. Nb5 a6 22. Nc7 Rab8 23. Nd5 a5 24. Bb5 Nd4 25. a4 Kg7 26. f5 Rd6 27. Nc7 Kf8 28. fxg6 hxg6 29. e5 Rdd8 30. Bc4 Ng7 31. Kf2 Nge6 32. Bxe6 Nxe6 33. Nxe6+ fxe6 34. Rxd8+ Rxd8 35. Rxg6 Kf7 36. Rg2 Rd4 37. Rg4 Rd2+ 38. Kg3 Rxb2 39. h4 Re2 40. Kf4 Rh2 41. Kg3 Rh1 42. Rf4+ Ke7 43. Rc4 b6 44. Rc2 Rb1 45. h5 Rb4 46. h6 Kf7 47. h7 Kg7 48. Rh2 Kh8 49. Rh6 Rxa4 50. Rxe6 Kxh7 51. Rxb6 Rb4 52. Rc6 a4 53. Rxc5 Kg6 54. Ra5 Kf5 55. Kf2 Ke6 56. Ke2 Rf4 57. Kf2 Rb4 58. Kg3 Kf5 1/2-1/2

[Event "Pervomaisky Autumn"]
[Site "Pervomaisky"]
[Date "2016.10.01"]
[Round "2"]
[White "Sosulin, Eduard"]
[Black "Hasanzade, Toghrul Qasim Oglu"]
[Result "1/2-1/2"]
[WhiteElo "2416"]
[BlackElo "2350"]
[PlyCount "96"]
[EventDate "2016.09.30"]
[EventType "tourn"]
[EventRounds "13"]
[EventCountry "RUS"]
[EventCategory "3"]
[SourceTitle "EXT 2017"]
[Source "ChessBase"]
[SourceDate "2016.10.25"]
[SourceVersion "1"]
[SourceVersionDate "2016.10.25"]
[SourceQuality "1"]

1. d4 d5 2. c4 c6 3. cxd5 cxd5 4. Nc3 Nc6 5. Bf4 a6 6. Nf3 Nf6 7. e3 Bg4 8. Be2 e6 9. 0-0 Bd6 10. Bxd6 Qxd6 11. h3 Bh5 12. Rc1 0-0 13. Na4 Nd7 14. Qb3 b5 15. Nc5 Rfc8 16. Rc2 Nb6 17. Rfc1 Nc4 18. a4 Bg6 19. Rc3 b4 20. Rxc4 dxc4 21. Bxc4 a5 22. Nxe6 fxe6 23. Bxe6+ Kh8 24. Bxc8 Rxc8 25. Ne5 h6 26. Nxg6+ Qxg6 27. d5 Ne7 28. Rxc8+ Nxc8 29. Qc4 Nd6 30. Qc5 Kh7 31. f3 Qb1+ 32. Kh2 Nf5 33. e4 Qxb2 34. exf5 Qe5+ 35. Kg1 Qe1+ 36. Kh2 Qe5+ 37. Kg1 b3 38. Qb6 Qe1+ 39. Kh2 Qe5+ 40. Kg1 b2 41. Kf2 Qf6 42. d6 Qh4+ 43. g3 Qxh3 44. d7 Qh2+ 45. Kf1 b1Q+ 46. Qxb1 Qh1+ 47. Kf2 Qxb1 48. d8Q Qxf5 1/2-1/2

[Event "Dubna Novikov Memorial"]
[Site "Dubna"]
[Date "2016.07.26"]
[Round "5"]
[White "Sosulin, Eduard"]
[Black "Moiseev, Viktor"]
[Result "1-0"]
[WhiteElo "2422"]
[BlackElo "2417"]
[PlyCount "83"]
[EventDate "2016.07.22"]
[EventType "tourn"]
[EventRounds "9"]
[EventCountry "RUS"]
[EventCategory "7"]
[SourceTitle "CBM 173 Extra"]
[Source "ChessBase"]
[SourceDate "2016.08.29"]
[SourceVersion "1"]
[SourceVersionDate "2016.08.29"]
[SourceQuality "1"]

1. g3 g6 2. Nf3 Nf6 3. b3 Bg7 4. Bb2 0-0 5. Bg2 d6 6. d4 c5 7. c4 cxd4 8. Nxd4 Nbd7 9. 0-0 Nc5 10. Nc3 Rb8 11. Qd2 a6 12. Rfd1 Bd7 13. Rac1 a5 14. Ba1 Rc8 15. Rb1 Bc6 16. Nxc6 bxc6 17. a3 Ncd7 18. b4 axb4 19. axb4 Ne5 20. c5 d5 21. e4 e6 22. Qe2 Ned7 23. exd5 cxd5 24. Nb5 Rc6 25. Nd4 Rc7 26. Rdc1 Qb8 27. c6 Rfc8 28. b5 Nb6 29. Nb3 Ne8 30. Bxg7 Kxg7 31. Nc5 Re7 32. h4 Qd6 33. h5 Ra8 34. Qe3 d4 35. h6+ Kg8 36. Qf3 f5 37. Qd3 e5 38. Qb3+ Kh8 39. Nd7 Ra3 40. Qb4 Nxd7 41. cxd7 Rxd7 42. Rc8 1-0

[Event "Dubna Novikov Memorial"]
[Site "Dubna"]
[Date "2016.07.25"]
[Round "4"]
[White "Viktorov, Alexandr G"]
[Black "Sosulin, Eduard"]
[Result "0-1"]
[WhiteElo "2414"]
[BlackElo "2422"]
[PlyCount "42"]
[EventDate "2016.07.22"]
[EventType "tourn"]
[EventRounds "9"]
[EventCountry "RUS"]
[EventCategory "7"]
[SourceTitle "CBM 173 Extra"]
[Source "ChessBase"]
[SourceDate "2016.08.29"]
[SourceVersion "1"]
[SourceVersionDate "2016.08.29"]
[SourceQuality "1"]

1. e4 e5 2. Nf3 Nf6 3. Nxe5 Nxe4 4. Qe2 Qe7 5. Qxe4 d6 6. d4 dxe5 7. Qxe5 Qxe5+ 8. dxe5 Bf5 9. c3 Nd7 10. f4 0-0-0 11. Be3 Re8 12. Bc4 f6 13. 0-0 fxe5 14. fxe5 Nxe5 15. Bb3 Bd3 16. Re1 Ng4 17. Bd2 Bc5+ 18. Kh1 Nf2+ 19. Kg1 Rxe1+ 20. Bxe1 Re8 21. Bxf2 Re1# 0-1

[Event "Dubna Novikov Memorial"]
[Site "Dubna"]
[Date "2016.07.23"]
[Round "2"]
[White "Sosulin, Eduard"]
[Black "Pourramezanali, Amirreza"]
[Result "0-1"]
[WhiteElo "2422"]
[BlackElo "2509"]
[PlyCount "94"]
[EventDate "2016.07.22"]
[EventType "tourn"]
[EventRounds "9"]
[EventCountry "RUS"]
[EventCategory "7"]
[SourceTitle "CBM 173 Extra"]
[Source "ChessBase"]
[SourceDate "2016.08.29"]
[SourceVersion "1"]
[SourceVersionDate "2016.08.29"]
[SourceQuality "1"]

1. d4 d5 2. c4 c6 3. cxd5 cxd5 4. Nc3 Nc6 5. Bf4 e5 6. dxe5 d4 7. Ne4 Qa5+ 8. Bd2 Qxe5 9. Ng3 Nf6 10. Nf3 Qd5 11. e3 Bg4 12. exd4 0-0-0 13. Rc1 Bd6 14. Bc4 Rhe8+ 15. Kf1 Bxf3 16. Qxf3 Qxd4 17. Bg5 Bxg3 18. hxg3 Ne4 19. Rh4 Nd2+ 20. Bxd2 Qxd2 21. Qf5+ Kb8 22. Qb1 Nd4 23. Kg1 g5 24. Rxh7 f5 25. Bf1 Rc8 26. Rxc8+ Rxc8 27. Qd3 Rc2 28. Qxd2 Rxd2 29. f3 Rxb2 30. a4 Ra2 31. Bc4 Rxa4 32. Bd5 Rb4 33. Rg7 a5 34. Rxg5 a4 35. g4 fxg4 36. fxg4 a3 37. Rh5 Nb3 38. Bxb3 Rxb3 39. Ra5 Kc7 40. g5 Kd7 41. Kh2 Ke7 42. g3 Kf7 43. Kh3 b5 44. Ra6 Rc3 45. g6+ Kg7 46. Kg4 Rc4+ 47. Kg5 Ra4 0-1

[Event "Tula Rjazanov Memorial"]
[Site "Tula"]
[Date "2016.02.09"]
[Round "4"]
[White "Markov, Vladimir"]
[Black "Sosulin, Eduard"]
[Result "0-1"]
[WhiteElo "2129"]
[BlackElo "2424"]
[PlyCount "88"]
[EventDate "2016.02.05"]
[EventType "swiss"]
[EventRounds "9"]
[EventCountry "RUS"]
[SourceTitle "CBM 171 Extra"]
[Source "ChessBase"]
[SourceDate "2016.04.26"]
[SourceVersion "1"]
[SourceVersionDate "2016.04.26"]
[SourceQuality "1"]

1. d4 Nf6 2. c4 g6 3. Nc3 Bg7 4. e4 0-0 5. Bg5 c6 6. f4 d5 7. cxd5 cxd5 8. e5 Ne4 9. Nxe4 dxe4 10. Ne2 f6 11. Bh4 Nc6 12. Bf2 Be6 13. Nc3 fxe5 14. dxe5 Rxf4 15. Be3 Qf8 16. Bxf4 Qxf4 17. g3 Qxe5 18. Bg2 Rd8 19. Qe2 e3 20. 0-0 Nd4 21. Qe1 Bh6 22. Rd1 e2 23. Nxe2 Nxe2+ 24. Kh1 Rxd1 25. Qxd1 Nd4 26. Re1 Qd6 27. Qd3 Bg7 28. b3 Bf6 29. Bxb7 Bd5+ 30. Bxd5+ Qxd5+ 31. Qe4 Qa5 32. Rf1 Qd2 33. Qd5+ Kg7 34. Qg2 Qd3 35. Qf2 a5 36. Qf4 g5 37. Qf2 g4 38. Qf4 h5 39. Qf2 Nf3 40. Qg2 Bd4 41. h3 Qe4 42. Rc1 gxh3 43. Qc2 Qe3 44. Rf1 Nd2 0-1

[Event "Tula Rjazanov Memorial"]
[Site "Tula"]
[Date "2016.02.07"]
[Round "2"]
[White "Kurilin, Alexander"]
[Black "Sosulin, Eduard"]
[Result "1-0"]
[WhiteElo "2244"]
[BlackElo "2424"]
[PlyCount "63"]
[EventDate "2016.02.05"]
[EventType "swiss"]
[EventRounds "9"]
[EventCountry "RUS"]
[SourceTitle "CBM 171 Extra"]
[Source "ChessBase"]
[SourceDate "2016.04.26"]
[SourceVersion "1"]
[SourceVersionDate "2016.04.26"]
[SourceQuality "1"]

1. e4 d6 2. d4 g6 3. Nc3 Bg7 4. f4 Nf6 5. Nf3 0-0 6. Bd3 c6 7. 0-0 b5 8. e5 Ne8 9. Ne4 Nd7 10. h4 h5 11. e6 Ndf6 12. exf7+ Rxf7 13. Neg5 Bf5 14. Bxf5 gxf5 15. Nxf7 Kxf7 16. Ng5+ Kg8 17. Re1 Ng4 18. Qd3 Qd7 19. Re6 Nc7 20. Qxf5 Nxe6 21. Qf7+ Kh8 22. Nxe6 Rg8 23. Qxh5+ Bh6 24. f5 Qe8 25. Qxe8 Rxe8 26. Bxh6 Nxh6 27. Rf1 Kg8 28. Kh2 Kf7 29. Kh3 Rg8 30. Rf4 Nxf5 31. Nc7 e6 32. g4 1-0